00708nam a22002177a 4500003000400000008004100004082001700045100001700062245011200079260006500191300001000256502001700266650001700283650001300300650001200313650001100325650001100336942001100347999001700358952011500375OSt260429b |||||||| |||| 00| 0 eng d a634.44bH69S aHoda, Nurul. aStudies on the Effect of Ethrel CCC and GA Sprays on Bearing of Mango (mangifera indica L.) cby Nurul Hoda a.- Sabour, Sabourb: Bihar Agricultural College, RAUc, 1986 a116p. bPh. D.d1986 aHorticulture aPomology aMangoes aThesis aPh. D. 2ddccT c50312d50312 00102ddc4070aRAUbRAUd2026-04-29eby Authorg0.00l0o634.44 H69Sp39370r2026-04-29w2026-04-29yTkGift